Fundamentals of nursing. / (Record no. 7965)
[ view plain ]
| 000 -LEADER | |
|---|---|
| fixed length control field | 02438cam a22003014a 4500 |
| 001 - CONTROL NUMBER | |
| control field | 15992317 |
| 003 - CONTROL NUMBER IDENTIFIER | |
| control field | OSt |
| 005 - DATE AND TIME OF LATEST TRANSACTION | |
| control field | 20240826133725.0 |
| 008 - FIXED-LENGTH DATA ELEMENTS--GENERAL INFORMATION | |
| fixed length control field | 091121s2005 moua b 001 0 eng |
| 010 ## - LIBRARY OF CONGRESS CONTROL NUMBER | |
| LC control number | 2009497304 |
| 020 ## - INTERNATIONAL STANDARD BOOK NUMBER | |
| International Standard Book Number | 9780323025867 |
| 020 ## - INTERNATIONAL STANDARD BOOK NUMBER | |
| International Standard Book Number | 0323025862 |
| 040 ## - CATALOGING SOURCE | |
| Original cataloging agency | DLC |
| Transcribing agency | DLC |
| 042 ## - AUTHENTICATION CODE | |
| Authentication code | pcc |
| 050 00 - LIBRARY OF CONGRESS CALL NUMBER | |
| Classification number | RT41.P84 |
| 100 1# - MAIN ENTRY--PERSONAL NAME | |
| Personal name | Potter, Patricia Ann. |
| 9 (RLIN) | 109 |
| 245 10 - TITLE STATEMENT | |
| Title | Fundamentals of nursing. / |
| Statement of responsibility, etc. | Patricia A. Potter, Anne Griffin Perry. |
| 250 ## - EDITION STATEMENT | |
| Edition statement | 6th ed. |
| 260 ## - PUBLICATION, DISTRIBUTION, ETC. | |
| Place of publication, distribution, etc. | St. Louis, Mo.: |
| Name of publisher, distributor, etc. | Mosby, |
| Date of publication, distribution, etc. | 2005. |
| 300 ## - PHYSICAL DESCRIPTION | |
| Extent | xliii, 1728 p. : |
| Other physical details | col. ill. ; |
| Dimensions | 29 cm. + |
| 504 ## - BIBLIOGRAPHY, ETC. NOTE | |
| Bibliography, etc. note | Includes bibliographical references and index. |
| 505 ## - FORMATTED CONTENTS NOTE | |
| Formatted contents note | Contents: 1. The client and the health care environment: Nursing today -- Health care delivery system -- Community-based nursing practice -- Theoretical foundations of nursing practice -- Nursing research as a basis for practice -- 2. Caring throughout life span: Health and wellness -- Caring in nursing practice -- Culture and ethnicity -- Caring for families -- Developmental theories -- Conception through adolescence -- Young to middle adult -- older adult -- 3. Critical thinking in nursing practice: Critical thinking in nursing practice -- Nursing assessment -- Nursing diagnosis -- Planning nursing care -- Implementing nursing care -- Evaluation -- Managing client care -- 4. Professional standards in nursing practice: Ethics and values -- Legal implications in nursing practice -- Communication -- Client education -- Documentation -- 5. Psychosocial basis for nursing practice: Self-concept -- Sexuality -- Spiritual health -- The Experience of loss, death and grief -- Stress and coping -- 6. Scientific basis for nursing practice: Vital signs -- Health assessment and physical examination -- Infection control -- Medication administration -- Complementary and alternative therapies -- 7. Basic human needs: Activity and exercise -- Client safety -- Hygiene -- Oxygenation -- Fluid, electrolyte and acid-base balances -- Sleep -- Comfort -- Nutrition -- Urinary elimination -- Bowel elimination -- 8. Clients with special needs: Mobility and immobility -- Skin integrity and wound care -- Sensory alteration -- Care of surgical clients -- |
| 650 #0 - SUBJECT ADDED ENTRY--TOPICAL TERM | |
| Topical term or geographic name entry element | Nursing. |
| 9 (RLIN) | 102 |
| 700 1# - ADDED ENTRY--PERSONAL NAME | |
| Personal name | Perry, Anne Griffin. |
| 9 (RLIN) | 110 |
| 906 ## - LOCAL DATA ELEMENT F, LDF (RLIN) | |
| a | 7 |
| b | cbc |
| c | origcop |
| d | 2 |
| e | ocip |
| f | 20 |
| g | y-gencatlg |
| 942 ## - ADDED ENTRY ELEMENTS (KOHA) | |
| Source of classification or shelving scheme | Library of Congress Classification |
| Koha item type | Books |
| Withdrawn status | Lost status | Source of classification or shelving scheme | Damaged status | Not for loan | Home library | Current library | Date acquired | Full call number | Barcode | Date last seen | Price effective from | Koha item type |
|---|---|---|---|---|---|---|---|---|---|---|---|---|
| Library of Congress Classification | WISCONSIN INTERNATIONAL UNIVERSITY COLLEGE, GHANA KUMASI LIBRARY | WISCONSIN INTERNATIONAL UNIVERSITY COLLEGE, GHANA KUMASI LIBRARY | 07/08/2019 | RT41.P84(6e) | KSN/420/19 | 11/11/2021 | 11/11/2021 | Books |
